000 00303nam a2200133Ia 4500
008 150201s2010 xx 000 0 und d
082 _a611
_bH10K
100 _aKHURANA,INDU
245 _aHUMAN EMBRYOLOGY
250 _a1ST
260 _bCBS
_aDELHI
_c2010
650 _aHUMAN ANATOMY
942 _2ddc
_cBK
_020
999 _c923
_d923